Statistics for World Cup 2014 Goal Scorers

Click here to take the quiz!

General Stats

  • This quiz has been taken 187 times
    (125 since last reset)
  • The average score is 56 of 121

Answer Stats

GoalsCountryAnswer% Correct
4ArgentinaLionel Messi
99%
6ColombiaJames Rodriguez
95%
4BrazilNeymar
95%
5GermanyThomas Muller
94%
4NetherlandsRobin van Persie
91%
2GermanyMiroslav Klose
88%
3FranceKarim Benzema
87%
3NetherlandsArjen Robben
84%
2ChileAlexis Sanchez
83%
3EcuadorEnner Valencia
81%
2GermanyToni Kroos
80%
2GermanyMario Gotze
78%
2CroatiaMario Mandzukic
78%
2GermanyMats Hummels
78%
1PortugalCristiano Ronaldo
77%
2BrazilDavid Luiz
77%
2UruguayLuis Suarez
77%
3SwitzerlandXerdan Shaqiri
77%
2AustraliaTim Cahill
76%
3GermanyAndre Schurrle
75%
1BelgiumRomelu Lukaku
74%
1EnglandWayne Rooney
72%
2CroatiaIvan Perisic
71%
1BosniaEdin Dzeko
70%
1GermanySami Khedira
70%
1South KoreaSon Heung-min
70%
1ArgentinaAngel di Maria
69%
2Costa RicaBryan Ruiz
69%
2NetherlandsMemphis Depay
69%
2BrazilOscar
69%
1SpainDavid Villa
68%
1BelgiumKevin de Bruyne
68%
1BrazilThiago Silva
68%
1FrancePaul Pogba
67%
1NetherlandsLeroy Fer
65%
2USAClint Dempsey
64%
1FranceOlivier Giroud
64%
1ItalyMario Balotelli
63%
1ArgentinaGonzalo Higuain
62%
1GermanyMesut Ozil
62%
1UruguayEdinson Cavani
61%
2Ivory CoastGervinho
61%
1BosniaMiralem Pjanic
61%
1BrazilFred
60%
2GhanaAndre Ayew
58%
2GhanaAsamoah Gyan
58%
1MexicoJavier Hernandez
58%
2AlgeriaIslam Slimani
57%
1Costa RicaJoel Campbell
56%
1BelgiumDries Mertens
55%
1SwitzerlandGranit Xhaka
55%
2NigeriaAhmed Musa
52%
1JapanKeisuke Honda
52%
Own GoalBrazilMarcelo
51%
1MexicoGiovani dos Santos
50%
1NetherlandsKlaas-Jan Huntelaar
49%
1NetherlandsWesley Sneijder
49%
2Ivory CoastWilfried Bony
49%
2ColombiaJackson Martinez
48%
1SpainFernando Torres
47%
1ArgentinaMarcos Rojo
46%
1NetherlandsStefan de Vrij
46%
1SpainXabi Alonso
45%
1AustraliaMile Jedinak
44%
1NetherlandsGeorginio Wijnaldum
43%
1PortugalNani
43%
1BrazilFernandinho
42%
1FranceBlaise Matuidi
41%
1USAJermaine Jones
39%
1FranceMathieu Valbuena
39%
1NetherlandsDaley Blind
38%
1BelgiumDivock Origi
38%
1FranceMoussa Sissoko
38%
1CroatiaIvica Olic
37%
1BelgiumJan Vertonghen
37%
1BelgiumMarouane Fellaini
37%
1ColombiaJuan Cuadrado
36%
1ChileEduardo Vargas
35%
1EnglandDaniel Sturridge
34%
1ItalyClaudio Marchisio
31%
1USAJohn Brooks
30%
1UruguayDiego Godin
29%
1GreeceGeorgios Samaras
28%
1SwitzerlandHaris Seferovic
28%
1CameroonJoel Matip
28%
1MexicoRafael Marquez
28%
2AlgeriaAbdelmoumene Djabou
26%
1SpainJuan Mata
26%
1AlgeriaSofiane Feghouli
26%
1GreeceSokratis Papastathopoulos
25%
1AlgeriaYacine Brahimi
25%
1MexicoOribe Peralta
23%
1MexicoAndres Guardado
21%
Own GoalNigeriaJoseph Yobo
21%
1ColombiaJuan Quintero
21%
1SwitzerlandAdmir Mehmedi
20%
1RussiaAleksandr Kokorin
20%
1ChileJorge Valdivia
20%
1USAJulian Green
20%
1ChileCharles Aranguiz
19%
1JapanShinji Okazaki
19%
1SwitzerlandBlerim Dzemaili
17%
1Costa RicaOscar Duarte
17%
Own GoalBosniaSead Kolasinac
17%
1PortugalSilvestre Varela
17%
1BosniaVedad Ibisevic
17%
1GreeceAndreas Samaris
16%
1HondurasCarlo Costly
16%
1ColombiaPablo Armero
16%
1ColombiaTeofilo Gutierrez
16%
1Costa RicaMarco Urena
14%
1South KoreaLee Keun-ho
9%
1AlgeriaRafik Halliche
9%
1RussiaAleksandr Kherzakov
8%
1NigeriaPeter Odemwingie
8%
1BosniaAvdija Vrsajevic
7%
Own GoalGhanaJohn Boye
7%
1IranReza Ghoochannejhad
7%
1ChileJean Beausejour
6%
1South KoreaKoo Ja-cheol
6%
Own GoalHondurasNoel Valladares
5%

Score Distribution

Percentile by Number Answered

Percent of People with Each Score

Your Score History

You have not taken this quiz since the last reset